Giải pháp quản lý xây dựng môi trường thân thiện trong các trường Tiểu học ở quận Ngũ Hành Sơn thành phô Đà Nẵng
tiểu học; Thực trạng công tác quản lý xây dựng môi trường thân thiện trong các trường tiểu học trên địa bàn Ngũ Hành Sơn; Giải pháp quản lý xây dựng môi trường thân thiện trong các trường tiểu học...
Wedi'i Gadw mewn:
| Prif Awdur: | |
|---|---|
| Awduron Eraill: | |
| Fformat: | Llyfr |
| Cyhoeddwyd: |
Đà Nẵng
Đại học Đà Nẵng
2012
|
| Pynciau: | |
| Tagiau: |
Ychwanegu Tag
Dim Tagiau, Byddwch y cyntaf i dagio'r cofnod hwn!
|
| Thư viện lưu trữ: | Mạng thư viện Đại học Đà Nẵng |
|---|
| LEADER | 01707nam a2200313 4500 | ||
|---|---|---|---|
| 001 | 000017711 | ||
| 003 | 14136 | ||
| 005 | 20130903090911.0 | ||
| 008 | 130520s2012 sd | ||
| 082 | |a 372 |b TR-L | ||
| 100 | |a Trần Thị Loan | ||
| 245 | |a Giải pháp quản lý xây dựng môi trường thân thiện trong các trường Tiểu học ở quận Ngũ Hành Sơn thành phô Đà Nẵng |c Trần Thị Loan ; Huỳnh Thị Tam Thanh hướng dẫn. |k Luận văn Thạc sĩ | ||
| 260 | |a Đà Nẵng |b Đại học Đà Nẵng |c 2012 | ||
| 300 | |a 120 tr., phụ lục 28 tr. |c 29 cm. |e Đĩa CD, tài liệu tóm tắt | ||
| 500 | |a Luận văn thạc sĩ Giáo dục học. Chuyên ngành : Quản lý giáo dục. Mã số: 60.14.05. | ||
| 520 | |a tiểu học; Thực trạng công tác quản lý xây dựng môi trường thân thiện trong các trường tiểu học trên địa bàn Ngũ Hành Sơn; Giải pháp quản lý xây dựng môi trường thân thiện trong các trường tiểu học... | ||
| 650 | 0 | 4 | |a Giáo dục tiểu học |v Luận văn tốt nghiệp |x Quản lí |z Đà Nẵng |
| 653 | |a Giáo dục THPT |a Quản lý giáo dục | ||
| 700 | |a Huỳnh Thị Tam Thanh |c T.S |e Hướng dẫn | ||
| OWN | |a LSP | ||
| AVA | |a UDN50 |b LSP |d 372 TR-L |e available |t Error 5001 Not defined in file expand_doc_bib_avail. |f 1 |g 0 |h N |i 0 |k 1 | ||
| 999 | |a From the UDN01 | ||
| AVA | |a UDN50 |b LSP |d 372 TR-L |e available |t Error 5001 Not defined in file expand_doc_bib_avail. |f 1 |g 0 |h N |i 0 |k 1 | ||
| TYP | |a Monograph | ||
| TYP | |a Printed language | ||
| 980 | |a Mạng thư viện Đại học Đà Nẵng | ||